[Event "Schweinfurt op 29th"]
[Site "Schweinfurt"]
[Date "2019.06.21"]
[Round "3"]
[White "Weise, Martin"]
[Black "Krenz, Dieter"]
[Result "1-0"]
[WhiteElo "2122"]
[BlackElo "1927"]
[PlyCount "63"]
[EventDate "2019.06.20"]
[EventType "swiss"]
[EventRounds "7"]
[EventCountry "GER"]
[SourceTitle "CBM 191 Extra"]
[Source "ChessBase"]
[SourceDate "2019.09.30"]
[SourceVersion "1"]
[SourceVersionDate "2019.09.30"]
[SourceQuality "1"]

1. d4 e6 2. Bf4 d5 3. e3 Bd6 4. Bg3 Nf6 5. Nd2 0-0 6. Bd3 Nbd7 7. Ngf3 Re8 8. Ne5 Qe7 9. f4 c5 10. c3 b6 11. Bh4 Bb7 12. Nxd7 Qxd7 13. Bxf6 gxf6 14. Qh5 f5 15. g4 f6 16. Rg1 Kh8 17. 0-0-0 cxd4 18. cxd4 Qa4 19. Kb1 Ba6 20. Bc2 Qd7 21. gxf5 e5 22. fxe5 fxe5 23. f6 Rg8 24. dxe5 Bxe5 25. Qxe5 Qf7 26. Nf3 Rae8 27. Rxg8+ Kxg8 28. Rg1+ Kh8 29. Qd4 h6 30. Rg7 Qe6 31. Rh7+ Kg8 32. f7+ 1-0

[Event "Unterfranken-ch69 M2"]
[Site "Schweinfurt"]
[Date "2018.04.07"]
[Round "9"]
[White "Krenz, Dieter"]
[Black "Boeckler, Michael"]
[Result "1/2-1/2"]
[WhiteElo "1893"]
[BlackElo "1730"]
[PlyCount "50"]
[EventDate "2018.04.02"]
[EventType "swiss"]
[EventRounds "9"]
[EventCountry "GER"]
[SourceTitle "EXT 2019"]
[Source "ChessBase"]
[SourceDate "2018.10.10"]
[SourceVersion "1"]
[SourceVersionDate "2018.10.10"]
[SourceQuality "1"]

1. Nf3 d5 2. g3 c6 3. Bg2 Bg4 4. d4 e6 5. 0-0 Bd6 6. Nbd2 Nf6 7. c4 Nbd7 8. c5 Bc7 9. h3 Bh5 10. b4 a6 11. Bb2 Bg6 12. Re1 Qb8 13. Qb3 h5 14. Nh4 Be4 15. Nxe4 Nxe4 16. Bxe4 dxe4 17. Qe3 Nf6 18. f4 g5 19. Ng2 Rg8 20. Rf1 gxf4 21. gxf4 Nd5 22. Qxe4 Nxf4 23. Rxf4 Bxf4 24. Rf1 Bh2+ 25. Kh1 Qg3 1/2-1/2

[Event "Unterfranken-ch69 M2"]
[Site "Schweinfurt"]
[Date "2018.04.03"]
[Round "3"]
[White "Krenz, Dieter"]
[Black "Gehrig, Thomas"]
[Result "1-0"]
[WhiteElo "1893"]
[BlackElo "2066"]
[PlyCount "92"]
[EventDate "2018.04.02"]
[EventType "swiss"]
[EventRounds "9"]
[EventCountry "GER"]
[SourceTitle "EXT 2019"]
[Source "ChessBase"]
[SourceDate "2018.10.10"]
[SourceVersion "1"]
[SourceVersionDate "2018.10.10"]
[SourceQuality "1"]

1. d4 Nf6 2. Nf3 d6 3. Bf4 Nbd7 4. h3 c6 5. c3 g6 6. Nbd2 Bg7 7. e4 0-0 8. Be2 Qc7 9. 0-0 e5 10. Bh2 b5 11. Re1 a6 12. Bf1 Bb7 13. Rc1 Rae8 14. Qc2 c5 15. Qb1 Qb6 16. dxe5 dxe5 17. Rcd1 Bc6 18. b3 Nh5 19. Qc2 Qd8 20. a4 Qf6 21. axb5 axb5 22. Ra1 Ra8 23. Kh1 Nf4 24. g3 Ne6 25. Bg2 Qe7 26. Nf1 Nb6 27. Ne3 Qc7 28. Red1 Qb7 29. Ne1 f6 30. Bg1 Rfe8 31. Rxa8 Rxa8 32. Nd5 Kf7 33. Nxb6 Qxb6 34. f3 Bf8 35. Nd3 Qc7 36. Be3 Qb7 37. Qf2 c4 38. bxc4 bxc4 39. Nc5 Bxc5 40. Bxc5 Qb3 41. Rd6 Ra2 42. Qg1 Bb5 43. Bb4 Qc2 44. Rb6 Ba6 45. Rxe6 Kxe6 46. Qb6+ Kf7 1-0

[Event "Regionalliga NW 1617"]
[Site "Bayern"]
[Date "2017.03.19"]
[Round "7.3"]
[White "Krenz, Dieter"]
[Black "Poppe, Heiko"]
[Result "1/2-1/2"]
[WhiteElo "1844"]
[BlackElo "2068"]
[PlyCount "85"]
[EventDate "2016.10.16"]
[EventType "team-tourn"]
[EventRounds "9"]
[EventCountry "GER"]
[SourceTitle "EXT 2019"]
[Source "ChessBase"]
[SourceDate "2018.10.10"]
[SourceVersion "1"]
[SourceVersionDate "2018.10.10"]
[SourceQuality "1"]
[WhiteTeam "Prichsenstadt"]
[BlackTeam "Bad Neustadt"]
[WhiteTeamCountry "GER"]
[BlackTeamCountry "GER"]

1. d4 e6 2. Nf3 f5 3. c4 Nf6 4. Nc3 d5 5. Bg5 Be7 6. e3 0-0 7. Rc1 c6 8. Be2 Nbd7 9. 0-0 h6 10. Bh4 g5 11. Bg3 Ne4 12. Be5 Bf6 13. Bxf6 Qxf6 14. Nxe4 dxe4 15. Nd2 e5 16. d5 Nb6 17. d6 Be6 18. a4 c5 19. a5 Nc8 20. f3 Nxd6 21. fxe4 f4 22. exf4 exf4 23. Qc2 Qd4+ 24. Kh1 Rad8 25. Nb3 Qe5 26. Rce1 b6 27. axb6 axb6 28. Nd2 g4 29. Bd1 Qg5 30. e5 Nf7 31. Qc3 Rd4 32. Ne4 Qxe5 33. Nf2 Qf6 34. Bxg4 Bxg4 35. Nxg4 Qg5 36. Qh3 Rfd8 37. b3 Rd3 38. g3 fxg3 39. Rxf7 Kxf7 40. Nxh6+ Kg7 41. Nf5+ Kg8 42. Ne7+ Kg7 43. Nf5+ 1/2-1/2

[Event "Regionalliga NW 1617"]
[Site "Bayern"]
[Date "2016.12.04"]
[Round "3.3"]
[White "Amtmann, Florian"]
[Black "Krenz, Dieter"]
[Result "1-0"]
[WhiteElo "2038"]
[BlackElo "1844"]
[PlyCount "81"]
[EventDate "2016.10.16"]
[EventType "team-tourn"]
[EventRounds "9"]
[EventCountry "GER"]
[SourceTitle "EXT 2019"]
[Source "ChessBase"]
[SourceDate "2018.10.10"]
[SourceVersion "1"]
[SourceVersionDate "2018.10.10"]
[SourceQuality "1"]
[WhiteTeam "Stetten"]
[BlackTeam "Prichsenstadt"]
[WhiteTeamCountry "GER"]
[BlackTeamCountry "GER"]

1. e4 Nf6 2. e5 Nd5 3. Nc3 Nxc3 4. dxc3 Nc6 5. Nf3 g6 6. Bf4 Bg7 7. Qd2 d6 8. 0-0-0 Bg4 9. exd6 cxd6 10. Be2 Qa5 11. Kb1 Rc8 12. Bh6 0-0 13. Bxg7 Kxg7 14. Rhe1 b5 15. h3 Be6 16. a3 h6 17. Nd4 Nxd4 18. Qxd4+ Kg8 19. Qh4 Rxc3 20. bxc3 Qxa3 21. Qb4 Qa2+ 22. Kc1 a6 23. Qb2 Qa5 24. Bg4 Bc4 25. Rxe7 Qb6 26. Rd4 Qc5 27. Qb4 Qg5+ 28. Re3 h5 29. f4 Qd8 30. Be2 d5 31. Bxc4 bxc4 32. Re5 a5 33. Qb5 Qa8 34. Qxd5 Qb8 35. f5 Kg7 36. Re7 a4 37. Qe5+ Qxe5 38. Rxe5 Ra8 39. Kb2 f6 40. Re7+ Kh6 41. fxg6 1-0

[Event "Schweinfurt op 26th"]
[Site "Schweinfurt"]
[Date "2016.05.29"]
[Round "6"]
[White "Krenz, Dieter"]
[Black "Peuckert, Ruediger"]
[Result "1-0"]
[WhiteElo "1934"]
[BlackElo "1818"]
[PlyCount "101"]
[EventDate "2016.05.26"]
[EventType "swiss"]
[EventRounds "7"]
[EventCountry "GER"]
[SourceTitle "CBM 172 Extra"]
[Source "ChessBase"]
[SourceDate "2016.06.21"]
[SourceVersion "1"]
[SourceVersionDate "2016.06.21"]
[SourceQuality "1"]

1. d4 d5 2. Nf3 Nf6 3. Bg5 e6 4. e3 Be7 5. Bd3 Nbd7 6. Nbd2 h6 7. Bh4 c5 8. c3 c4 9. Bc2 b5 10. 0-0 Bb7 11. Qe2 Ne4 12. Bxe7 Qxe7 13. Rae1 f5 14. Nxe4 dxe4 15. Nd2 Nf6 16. f3 exf3 17. Nxf3 0-0 18. Ne5 Kh7 19. b3 cxb3 20. axb3 a6 21. Bd3 Be4 22. c4 Bxd3 23. Qxd3 bxc4 24. bxc4 Nd7 25. Nf3 Rfd8 26. Qc2 Rdb8 27. e4 g6 28. exf5 Rb6 29. fxg6+ Kg7 30. Qe4 Rf8 31. c5 Nxc5 32. Qe5+ Kxg6 33. dxc5 Rb5 34. Qd6 Qxd6 35. cxd6 a5 36. Nh4+ Kg7 37. Rxf8 Kxf8 38. Rxe6 a4 39. d7 Rb8 40. Rd6 Ke7 41. Nf5+ Kd8 42. Ra6 Rb1+ 43. Kf2 Rb2+ 44. Kf3 Rb3+ 45. Kg4 a3 46. Ra7 Rb2 47. Kh3 a2 48. Nxh6 Rf2 49. Ng4 Rd2 50. Ne5 Re2 51. Ra8+ 1-0

[Event "Regionalliga NW 1415"]
[Site "Bayern"]
[Date "2015.01.18"]
[Round "5.3"]
[White "Koeniger, Matthias"]
[Black "Krenz, Dieter"]
[Result "1/2-1/2"]
[WhiteElo "2050"]
[BlackElo "1874"]
[PlyCount "76"]
[EventDate "2014.10.19"]
[EventType "team-tourn"]
[EventRounds "9"]
[EventCountry "GER"]
[SourceTitle "EXT 2018"]
[Source "ChessBase"]
[SourceDate "2017.10.13"]
[SourceVersion "1"]
[SourceVersionDate "2017.10.13"]
[SourceQuality "1"]
[WhiteTeam "Rottendorf"]
[BlackTeam "Prichsenstadt"]
[WhiteTeamCountry "GER"]
[BlackTeamCountry "GER"]

1. e4 c5 2. Nf3 a6 3. c3 d5 4. exd5 Qxd5 5. d4 e6 6. Be2 Nf6 7. 0-0 Be7 8. Be3 Nbd7 9. h3 b5 10. c4 Qc6 11. Ne5 Qb6 12. Bf3 Bb7 13. Nxd7 Nxd7 14. dxc5 Bxc5 15. Bxb7 Qxb7 16. Bxc5 Nxc5 17. Qd4 Ne4 18. cxb5 axb5 19. Qxg7 Ke7 20. Qg4 Ra4 21. Qf3 Qb6 22. Re1 Ng5 23. Qe3 Qxe3 24. Rxe3 Ne4 25. f3 Nd6 26. Nc3 Rd4 27. Rd1 Rxd1+ 28. Nxd1 Rc8 29. Rc3 Ra8 30. a3 Nc4 31. Rd3 Rc8 32. Kf1 Rc5 33. g4 h5 34. Ke2 Re5+ 35. Kf2 f6 36. Kg3 hxg4 37. hxg4 Re2 38. b3 Nxa3 1/2-1/2

[Event "Regionalliga NW 1415"]
[Site "Bayern"]
[Date "2014.10.19"]
[Round "1.3"]
[White "Reissner, Andreas"]
[Black "Krenz, Dieter"]
[Result "1-0"]
[WhiteElo "2018"]
[BlackElo "1874"]
[PlyCount "87"]
[EventDate "2014.10.19"]
[EventType "team-tourn"]
[EventRounds "9"]
[EventCountry "GER"]
[SourceTitle "EXT 2018"]
[Source "ChessBase"]
[SourceDate "2017.10.13"]
[SourceVersion "1"]
[SourceVersionDate "2017.10.13"]
[SourceQuality "1"]
[WhiteTeam "Marktleuthen"]
[BlackTeam "Prichsenstadt"]
[WhiteTeamCountry "GER"]
[BlackTeamCountry "GER"]

1. e4 Nf6 2. Nc3 d5 3. exd5 Nxd5 4. Bc4 e6 5. Nge2 Be7 6. 0-0 0-0 7. d4 b6 8. Nxd5 exd5 9. Bd3 c6 10. Bf4 Nd7 11. Ng3 Nf6 12. Nf5 Bxf5 13. Bxf5 h6 14. Qf3 Bd6 15. Be5 Bxe5 16. dxe5 Nd7 17. Rfe1 Nc5 18. Rad1 Qc7 19. Rd4 Rae8 20. Qg3 f6 21. Qg6 Rxe5 22. Rf1 Ne6 23. Rh4 Rd8 24. Qg4 Nf8 25. f4 Re7 26. Rxh6 Qd6 27. Rh3 Qc5+ 28. Kh1 Qf2 29. Rf3 Qe2 30. Bd3 Qe6 31. Qh4 f5 32. Bxf5 Qf7 33. Rh3 Qxf5 34. Qxe7 Rd7 35. Qe2 c5 36. Rh5 Qf7 37. Re5 d4 38. b3 Rd6 39. Kg1 Nd7 40. Re8+ Kh7 41. Qe4+ Rg6 42. Rf3 Nf8 43. Rxf8 Qxf8 44. Rh3+ 1-0

[Event "Schweinfurt op 24th"]
[Site "Schweinfurt"]
[Date "2014.06.22"]
[Round "6"]
[White "Mueller, Gerhard"]
[Black "Krenz, Dieter"]
[Result "1/2-1/2"]
[WhiteElo "1840"]
[BlackElo "2024"]
[PlyCount "98"]
[EventDate "2014.06.19"]
[EventType "swiss"]
[EventRounds "7"]
[EventCountry "GER"]
[SourceTitle "CBM 161 Extra"]
[Source "ChessBase"]
[SourceDate "2014.08.29"]
[SourceVersion "1"]
[SourceVersionDate "2014.08.29"]
[SourceQuality "1"]

1. e4 Nf6 2. e5 Nd5 3. c4 Nb6 4. d4 d6 5. Nf3 Bg4 6. exd6 cxd6 7. b3 e6 8. h3 Bh5 9. Be2 Be7 10. 0-0 0-0 11. Nbd2 Nc6 12. Bb2 d5 13. c5 Nd7 14. a3 a5 15. Bc3 b6 16. b4 axb4 17. axb4 bxc5 18. Rxa8 Qxa8 19. bxc5 f6 20. g4 Bf7 21. Qa1 e5 22. Qxa8 Rxa8 23. Bb5 Rc8 24. Bxc6 Rxc6 25. Ra1 Be8 26. Ra7 Kf8 27. Nb3 Rc8 28. Rb7 g6 29. Bb4 e4 30. Nfd2 Nb8 31. Na5 Nc6 32. Nxc6 Bxc6 33. Ra7 Kf7 34. Kg2 Rb8 35. Bc3 Ke6 36. Ba5 f5 37. f3 Bf6 38. Rxh7 Bxd4 39. gxf5+ Kxf5 40. fxe4+ dxe4 41. Rc7 Bd5 42. Rd7 Ke6 43. Rd6+ Ke5 44. Rxg6 e3+ 45. Nf3+ Ke4 46. Rg4+ Kf5 47. Rxd4 Rg8+ 48. Rg4 Rxg4+ 49. hxg4+ Kxg4 1/2-1/2

[Event "Schweinfurt op 24th"]
[Site "Schweinfurt"]
[Date "2014.06.20"]
[Round "3"]
[White "Krenz, Dieter"]
[Black "Kempe, Frank"]
[Result "1-0"]
[WhiteElo "2024"]
[BlackElo "2030"]
[PlyCount "59"]
[EventDate "2014.06.19"]
[EventType "swiss"]
[EventRounds "7"]
[EventCountry "GER"]
[SourceTitle "CBM 161 Extra"]
[Source "ChessBase"]
[SourceDate "2014.08.29"]
[SourceVersion "1"]
[SourceVersionDate "2014.08.29"]
[SourceQuality "1"]

1. e4 c5 2. d4 cxd4 3. c3 dxc3 4. Nxc3 Nc6 5. Nf3 e6 6. Bc4 Nge7 7. Bg5 f6 8. Be3 a6 9. 0-0 b5 10. Bb3 Ng6 11. Qe2 Na5 12. Bc2 Nc4 13. Bb3 Na5 14. Bc2 Nc4 15. Bc1 Bb4 16. Rd1 Qe7 17. a4 Bxc3 18. bxc3 Bb7 19. Bd3 d5 20. Nd4 Nge5 21. exd5 Nxd3 22. Qxd3 Bxd5 23. axb5 0-0 24. bxa6 Qd6 25. Nf5 Qd7 26. Qxc4 Bxc4 27. Rxd7 exf5 28. a7 Rf7 29. Rxf7 Kxf7 30. Bf4 1-0

[Event "Regionalliga NW 1314"]
[Site "Bayern"]
[Date "2014.04.06"]
[Round "9.4"]
[White "Mittag, Ralf"]
[Black "Krenz, Dieter"]
[Result "1/2-1/2"]
[WhiteElo "2123"]
[BlackElo "1925"]
[PlyCount "109"]
[EventDate "2013.10.13"]
[EventType "team-tourn"]
[EventRounds "9"]
[EventCountry "GER"]
[SourceTitle "EXT 2015"]
[Source "ChessBase"]
[SourceDate "2014.11.20"]
[SourceVersion "1"]
[SourceVersionDate "2014.11.20"]
[SourceQuality "1"]
[WhiteTeam "Bamberg"]
[BlackTeam "Prichsenstadt"]
[WhiteTeamCountry "GER"]
[BlackTeamCountry "GER"]

1. e4 Nf6 2. e5 Nd5 3. d4 d6 4. Nf3 Bg4 5. Be2 e6 6. 0-0 Be7 7. c4 Nb6 8. b3 0-0 9. Bb2 Nc6 10. exd6 cxd6 11. Nbd2 d5 12. c5 Nc8 13. a3 Bf6 14. b4 a6 15. Nb3 N8e7 16. Qd2 b5 17. Bc3 Qc7 18. Ne5 Bxe5 19. dxe5 Bxe2 20. Qxe2 Rfd8 21. Rad1 Rd7 22. f4 Rad8 23. Nd4 Nxd4 24. Bxd4 Nc6 25. Rf3 Rb8 26. Rh3 a5 27. Qh5 h6 28. g4 axb4 29. axb4 Ra8 30. Bc3 Ra3 31. Bd2 Rxh3 32. Qxh3 Qb8 33. Ra1 Ra7 34. Qf1 Nd4 35. Bc3 Rxa1 36. Bxa1 Nc6 37. Bc3 d4 38. Be1 Qb7 39. Qd3 Qd7 40. Kf2 Ne7 41. Qe4 g6 42. Ke2 Kf8 43. Bd2 Nc6 44. f5 exf5 45. gxf5 gxf5 46. Bxh6+ Ke8 47. Qg2 d3+ 48. Kd1 Qe6 49. Bd2 Nxe5 50. Qa8+ Ke7 51. Bg5+ f6 52. Qb7+ Nd7 53. Bd2 Qb3+ 54. Ke1 Qe6+ 55. Kd1 1/2-1/2

[Event "Regionalliga NW 1314"]
[Site "Bayern"]
[Date "2013.11.24"]
[Round "3.4"]
[White "Hertel, Hans"]
[Black "Krenz, Dieter"]
[Result "1/2-1/2"]
[WhiteElo "2030"]
[BlackElo "1925"]
[PlyCount "99"]
[EventDate "2013.10.13"]
[EventType "team-tourn"]
[EventRounds "9"]
[EventCountry "GER"]
[SourceTitle "EXT 2015"]
[Source "ChessBase"]
[SourceDate "2014.11.20"]
[SourceVersion "1"]
[SourceVersionDate "2014.11.20"]
[SourceQuality "1"]
[WhiteTeam "Hof"]
[BlackTeam "Prichsenstadt"]
[WhiteTeamCountry "GER"]
[BlackTeamCountry "GER"]

1. d4 d5 2. Bg5 Nf6 3. Nd2 Bf5 4. Ngf3 Nbd7 5. e3 h6 6. Bh4 e6 7. Nb3 c5 8. Ne5 Be7 9. Bxf6 gxf6 10. Nxd7 Qxd7 11. dxc5 0-0 12. c4 Rad8 13. cxd5 Qxd5 14. Qxd5 Rxd5 15. f3 Bc2 16. e4 Re5 17. Bc4 Bxb3 18. Bxb3 Rd8 19. Rd1 f5 20. Rxd8+ Bxd8 21. Kf2 fxe4 22. Re1 Rxc5 23. fxe4 Rh5 24. h3 Kg7 25. Rd1 Bb6+ 26. Kf3 Rc5 27. Rd7 Kf6 28. Rxb7 Rc1 29. Ba4 Rb1 30. Be8 Rxb2 31. Rxf7+ Ke5 32. Rh7 Rf2+ 33. Kg3 Rf6 34. Bc6 Rg6+ 35. Kh2 Be3 36. Rf7 Bf4+ 37. Kg1 Be3+ 38. Kf1 Rf6+ 39. Rxf6 Kxf6 40. Ke2 Bb6 41. Kf3 Kg5 42. g3 e5 43. Bd7 Bc5 44. h4+ Kf6 45. Kg4 Be3 46. Kh5 Bd2 47. Kg4 Bc1 48. Kf3 Bb2 49. g4 Bc1 50. Ke2 1/2-1/2

[Event "Bayern-ch"]
[Site "Westerndorf St Peter"]
[Date "2013.08.30"]
[Round "9.14"]
[White "Krenz, Dieter"]
[Black "Dirmeier, Carolin"]
[Result "1/2-1/2"]
[WhiteElo "2020"]
[BlackElo "2030"]
[PlyCount "87"]
[EventDate "2013.08.25"]
[EventType "swiss"]
[EventRounds "9"]
[EventCountry "GER"]
[SourceTitle "EXT 2019"]
[Source "ChessBase"]
[SourceDate "2018.10.10"]
[SourceVersion "1"]
[SourceVersionDate "2018.10.10"]
[SourceQuality "1"]

1. Nf3 f5 2. d4 Nf6 3. g3 g6 4. c4 Bg7 5. Nc3 0-0 6. Bg2 d6 7. 0-0 Qe8 8. d5 a5 9. Qc2 Na6 10. a3 Nc5 11. b3 e5 12. dxe6 Nxe6 13. Bb2 Bd7 14. Rfd1 Bc6 15. e3 h6 16. Nd5 Qf7 17. b4 axb4 18. axb4 Rxa1 19. Bxa1 Nxd5 20. cxd5 Bxd5 21. Rxd5 Bxa1 22. Rd1 Bg7 23. Ne1 c6 24. Rxd6 Qe7 25. Rd1 Qxb4 26. Nd3 Qe7 27. Qb3 Kh7 28. Rb1 Rd8 29. Bf1 Rd7 30. h4 h5 31. Qc2 Qf6 32. Ne1 Qc3 33. Qa2 Nc5 34. Nf3 Ne4 35. Bc4 Nd2 36. Ng5+ Kh6 37. Be6 Re7 38. Rd1 Ne4 39. Nf7+ Kh7 40. Rb1 b5 41. Nd8 b4 42. Bg8+ Kh8 43. Nf7+ Kxg8 44. Nh6+ 1/2-1/2

[Event "Schweinfurt op 23rd"]
[Site "Schweinfurt"]
[Date "2013.06.02"]
[Round "7"]
[White "Markwardt, Sven"]
[Black "Krenz, Dieter"]
[Result "0-1"]
[WhiteElo "1760"]
[BlackElo "2028"]
[PlyCount "190"]
[EventDate "2013.05.30"]
[EventType "swiss"]
[EventRounds "7"]
[EventCountry "GER"]
[SourceTitle "CBM 154 Extra"]
[Source "ChessBase"]
[SourceDate "2013.06.25"]
[SourceVersion "2"]
[SourceVersionDate "2013.06.25"]
[SourceQuality "1"]

1. c4 Nf6 2. g3 g6 3. Nc3 Bg7 4. Bg2 0-0 5. e3 c6 6. Nge2 d6 7. 0-0 e5 8. d3 Nbd7 9. Rb1 a5 10. a3 Qe7 11. b4 axb4 12. axb4 Rd8 13. b5 Nb8 14. Bb2 d5 15. Ra1 Rxa1 16. Qxa1 dxc4 17. dxc4 Be6 18. Qa7 Qb4 19. Ba3 Qxc4 20. bxc6 bxc6 21. Rb1 Nbd7 22. Qc7 Ra8 23. Be7 e4 24. Qb7 Re8 25. Bd6 Nd5 26. Nxd5 Qxd5 27. Ba3 Qd3 28. Nf4 Qxa3 29. Nxe6 Nc5 30. Nxc5 Qxc5 31. Qd7 Re6 32. Bh3 Rf6 33. Qd8+ Qf8 34. Qc7 Qd6 35. Qc8+ Bf8 36. Rb2 Kg7 37. Qb8 c5 38. Bf1 Qe6 39. Rc2 Bd6 40. Qb5 h5 41. h4 Qg4 42. Qe2 Qf5 43. Bg2 Re6 44. Rc4 Qd5 45. Rc1 Be7 46. Bf1 Rb6 47. Qc4 Qf5 48. Qe2 Qf6 49. Kg2 Rb2 50. Rc2 Rb1 51. Rc4 Qf3+ 52. Qxf3 exf3+ 53. Kg1 f5 54. Rc2 Kf6 55. Rc4 Ke5 56. Rc2 Kd5 57. Rd2+ Kc6 58. Rc2 Bf6 59. Rc4 Bb2 60. Rc2 Ba3 61. Ra2 Bb4 62. Ra6+ Kd5 63. Rxg6 c4 64. Rg5 c3 65. Rxf5+ Kd6 66. Rf6+ Kc5 67. Rf5+ Kb6 68. Rb5+ Kc6 69. Rxb4 Rxb4 70. Bd3 Rb2 71. Kh2 c2 72. Bxc2 Rxc2 73. g4 hxg4 74. Kg3 Kd6 75. Kxg4 Rxf2 76. h5 Ke5 77. h6 Kf6 78. e4 Rf1 79. e5+ Kg6 80. e6 Re1 81. h7 Kxh7 82. Kxf3 Rxe6 83. Kf4 Kg7 84. Kf5 Kf7 85. Kf4 Kf6 86. Kg4 Re5 87. Kf4 Ke6 88. Kg4 Rf5 89. Kg3 Ke5 90. Kg4 Ke4 91. Kg3 Rf4 92. Kg2 Ke3 93. Kg3 Rb4 94. Kg2 Rg4+ 95. Kf1 Rg5 0-1

[Event "Unterfranken-ch M1 63th"]
[Site "Schweinfurt"]
[Date "2012.04.11"]
[Round "4"]
[White "Krenz, Dieter"]
[Black "Kwossek, Georg"]
[Result "1/2-1/2"]
[WhiteElo "1896"]
[BlackElo "1951"]
[PlyCount "137"]
[EventDate "2012.04.09"]
[EventType "swiss"]
[EventRounds "9"]
[EventCountry "GER"]
[SourceTitle "EXT 2015"]
[Source "ChessBase"]
[SourceDate "2014.11.20"]
[SourceVersion "1"]
[SourceVersionDate "2014.11.20"]
[SourceQuality "1"]

1. g3 Nf6 2. c4 e6 3. d4 d5 4. cxd5 exd5 5. Nc3 c6 6. Nf3 Be7 7. Bg2 0-0 8. 0-0 Nbd7 9. a3 Re8 10. e3 Nf8 11. b4 a6 12. Qb3 h6 13. Ne5 Bd6 14. Nd3 Bf5 15. Nc5 b6 16. Nb7 Qc7 17. Nxd6 Qxd6 18. Bd2 Qd7 19. Rfc1 N8h7 20. a4 b5 21. axb5 axb5 22. Ne2 Ng5 23. Nf4 Nge4 24. Be1 Nd6 25. Nd3 Nc4 26. Nc5 Qe7 27. Qc3 Ng4 28. h3 Nf6 29. Rxa8 Rxa8 30. Ra1 Qe8 31. Qc1 Kh7 32. Bc3 g5 33. Rxa8 Qxa8 34. Qa1 Qxa1+ 35. Bxa1 h5 36. Kf1 g4 37. h4 Nd2+ 38. Ke2 Nde4 39. Nb7 Bd7 40. Bb2 Kg7 41. Bc1 Kf8 42. Bd2 Ke7 43. Be1 Bf5 44. f3 Nd6 45. Na5 Kd7 46. Nb3 gxf3+ 47. Bxf3 Ng4 48. Nc5+ Ke7 49. Nd3 Bxd3+ 50. Kxd3 Nf6 51. Bf2 Ke6 52. Bg2 Kf5 53. Bh3+ Ng4 54. Be1 Ne4 55. Ke2 Nd6 56. Kf3 Nc4 57. Bxg4+ hxg4+ 58. Ke2 Ke4 59. Bd2 Nd6 60. Be1 Nf5 61. Bf2 f6 62. Kd2 Kf3 63. Ke1 Ke4 64. Ke2 Nd6 65. Be1 Nc4 66. Bd2 Nd6 67. Be1 Kf5 68. Kd3 Ne4 69. Ke2 1/2-1/2

[Event "Unterfranken-ch M2 62th"]
[Site "Gerolzhofen"]
[Date "2011.04.28"]
[Round "5"]
[White "Schmitz, Wolfgang"]
[Black "Krenz, Dieter"]
[Result "0-1"]
[WhiteElo "1843"]
[BlackElo "1868"]
[PlyCount "62"]
[EventDate "2011.04.25"]
[EventType "swiss"]
[EventRounds "9"]
[EventCountry "GER"]
[SourceTitle "EXT 2015"]
[Source "ChessBase"]
[SourceDate "2014.11.20"]
[SourceVersion "1"]
[SourceVersionDate "2014.11.20"]
[SourceQuality "1"]

1. e4 Nf6 2. Nc3 d5 3. e5 d4 4. exf6 dxc3 5. Qe2 gxf6 6. dxc3 Nc6 7. Nf3 Qd5 8. c4 Qh5 9. Bf4 Bg4 10. 0-0-0 Bh6 11. Bxh6 Qxh6+ 12. Kb1 Qf4 13. h3 Bxf3 14. gxf3 Ne5 15. Rg1 Qxf3 16. Qd2 Qf5 17. Be2 Qxf2 18. Rgf1 Qb6 19. c5 Qxc5 20. Rg1 e6 21. Qh6 Ke7 22. Rg7 Rag8 23. Rxh7 Rxh7 24. Qxh7 Rg1 25. Qh5 Rg2 26. Qh8 Nd7 27. Bd3 Rg1 28. Be2 Qd4 29. Qh5 Nc5 30. Qf3 Ne4 31. Bd3 Nd2+ 0-1

[Event "Unterfranken-ch M1 61th"]
[Site "Kitzingen"]
[Date "2010.04.08"]
[Round "5"]
[White "Krenz, Dieter"]
[Black "Vogt, Thomas"]
[Result "0-1"]
[WhiteElo "2027"]
[BlackElo "1901"]
[PlyCount "173"]
[EventDate "2010.04.05"]
[EventType "swiss"]
[EventRounds "9"]
[EventCountry "GER"]
[SourceTitle "EXT 2015"]
[Source "ChessBase"]
[SourceDate "2014.11.20"]
[SourceVersion "1"]
[SourceVersionDate "2014.11.20"]
[SourceQuality "1"]

1. d4 Nf6 2. Nf3 e6 3. Bg5 Be7 4. e3 c5 5. c3 b6 6. Bd3 Bb7 7. Nbd2 h6 8. Bh4 cxd4 9. exd4 Nh5 10. Ne4 d6 11. Bxe7 Kxe7 12. 0-0 Nd7 13. Re1 Ndf6 14. Ned2 Nf4 15. Bf1 Qd7 16. c4 Rhe8 17. g3 Ng6 18. Bh3 Kf8 19. d5 Kg8 20. Nd4 Nf8 21. Rc1 Bc8 22. Rc3 Qd8 23. dxe6 fxe6 24. Qf3 Bd7 25. Ne4 Nxe4 26. Qxe4 Rc8 27. b3 Rc5 28. Rce3 Kh8 29. Qd3 e5 30. Bxd7 Qxd7 31. Nb5 Rc6 32. Rd1 Rd8 33. Nc3 Qf7 34. Qe4 Rc5 35. Red3 Ne6 36. Rxd6 Rf8 37. Qe3 Nd4 38. Rd5 Qh5 39. R1xd4 exd4 40. Qe7 Qf3 41. Ne4 Rxd5 42. cxd5 d3 43. d6 d2 44. Nxd2 Qxf2+ 45. Kh1 Qf6 46. Qxf6 gxf6 47. a4 a6 48. Nc4 Rd8 49. Kg2 b5 50. axb5 axb5 51. Na3 Rxd6 52. Nxb5 Rb6 53. Nd4 Rb4 54. Ne6 Rxb3 55. Kh3 Kh7 56. Nf4 Kg7 57. Kh4 Rb5 58. Kg4 f5+ 59. Kh4 Rb2 60. Kh3 Kf6 61. Nd3 Rb3 62. Nf4 Rb2 63. Nd3 Ra2 64. Nf4 Ke5 65. Nd3+ Ke4 66. Nf4 Rf2 67. Ng6 Ke3 68. Ne5 h5 69. Ng6 Ke4 70. Nf8 f4 71. gxf4 Kxf4 72. Ne6+ Kf5 73. Kg3 Ra2 74. Nd4+ Kg6 75. h3 h4+ 76. Kf3 Ra3+ 77. Kg2 Ra2+ 78. Kf3 Rh2 79. Kg4 Ra2 80. Ne6 Ra4+ 81. Kf3 Kf5 82. Ng7+ Kf6 83. Ne8+ Kg5 84. Nd6 Ra3+ 85. Kg2 Rg3+ 86. Kh2 Rd3 87. Ne4+ 0-1

[Event "Unterfranken-ch M1 61th"]
[Site "Kitzingen"]
[Date "2010.04.06"]
[Round "3"]
[White "Hofstetter, Hans Joachim"]
[Black "Krenz, Dieter"]
[Result "1-0"]
[WhiteElo "2105"]
[BlackElo "2027"]
[PlyCount "77"]
[EventDate "2010.04.05"]
[EventType "swiss"]
[EventRounds "9"]
[EventCountry "GER"]
[SourceTitle "EXT 2015"]
[Source "ChessBase"]
[SourceDate "2014.11.20"]
[SourceVersion "1"]
[SourceVersionDate "2014.11.20"]
[SourceQuality "1"]

1. Nf3 Nf6 2. g3 g6 3. Bg2 d5 4. 0-0 c6 5. d4 Nbd7 6. c4 dxc4 7. Qc2 Bg7 8. Qxc4 Nb6 9. Qb3 Be6 10. Qa3 Nc4 11. Qd3 Nd6 12. Nc3 0-0 13. Re1 Bc4 14. Qc2 Ba6 15. e4 Nd7 16. Bg5 Re8 17. Rad1 h6 18. Bc1 Qc7 19. e5 Nc4 20. e6 Nf8 21. exf7+ Kxf7 22. b3 Nd6 23. Ne5+ Bxe5 24. dxe5 Nf5 25. Nd5 Qb8 26. Nb4 Bb5 27. a4 a5 28. axb5 axb4 29. bxc6 Ra5 30. cxb7 Kg7 31. e6 Nd6 32. Bf4 Qa7 33. Bxd6 exd6 34. Qc7+ Kh8 35. Qxd6 Ra2 36. Qd4+ Qxd4 37. Rxd4 Ra6 38. Rxb4 Rb8 39. e7 1-0